The Silmarils - Statistics

General Stats
  • This quiz has been taken 155 times
    149 since last reset
  • The average score is 12 of 16
Answer Stats
Hint Answer % Correct
Taken by force by Morgoth
100%
Crafted by Fëanor
98%
One was cut from his crown by Beren
97%
Who said 'Now is the Quest achieved and my doom full-wrought' and gave it to Thingol
91%
Used as a guide to get to Aman by Eärendil
89%
Who quickly handed it to Beren
84%
But they were stolen. One was taken by Maedhros
78%
After his parents death, it was given in a coffer to Dior
76%
Eaten, along with a hand by Carcharoth
75%
The other was taken by Maglor
75%
He gave it to Lúthien
69%
Saved from the ruin of Doriath by Elwing
67%
It was then fasted in the Nauglamir for him, and killed to have it by The Lord of Nogrod
66%
The other two were retrieved in the War of Wrath and kept by Eonwe
58%
But they were ambushed by Elves lead by Beren
56%
Retrieved from his stomach by Mablung
55%
No matching quizzes found
Score Distribution
Percent of People with Each Score
Percentile by Number Answered
Your Score History
You have not taken this quiz since the last reset